<?xml version="1.0" encoding="UTF-8"?><?xml-stylesheet type="text/xsl" href="static/style.xsl"?><OAI-PMH xmlns="http://www.openarchives.org/OAI/2.0/" xmlns:xsi="http://www.w3.org/2001/XMLSchema-instance" xsi:schemaLocation="http://www.openarchives.org/OAI/2.0/ http://www.openarchives.org/OAI/2.0/OAI-PMH.xsd"><responseDate>2026-06-01T15:29:25Z</responseDate><request verb="GetRecord" identifier="oai:riuma.uma.es:10630/27108" metadataPrefix="marc">https://riuma.uma.es/rest/oai/request</request><GetRecord><record><header><identifier>oai:riuma.uma.es:10630/27108</identifier><datestamp>2026-02-03T11:31:14Z</datestamp><setSpec>com_10630_2254</setSpec><setSpec>col_10630_37953</setSpec></header><metadata><record xmlns="http://www.loc.gov/MARC21/slim" xmlns:dcterms="http://purl.org/dc/terms/" xmlns:doc="http://www.lyncode.com/xoai" xmlns:xsi="http://www.w3.org/2001/XMLSchema-instance" xsi:schemaLocation="http://www.loc.gov/MARC21/slim http://www.loc.gov/standards/marcxml/schema/MARC21slim.xsd">
   <leader>00925njm 22002777a 4500</leader>
   <datafield ind2=" " ind1=" " tag="042">
      <subfield code="a">dc</subfield>
   </datafield>
   <datafield ind2=" " ind1=" " tag="720">
      <subfield code="a">Barbancho-Pérez, Ana María</subfield>
      <subfield code="e">author</subfield>
   </datafield>
   <datafield ind2=" " ind1=" " tag="720">
      <subfield code="a">Tardón-García, Lorenzo José</subfield>
      <subfield code="e">author</subfield>
   </datafield>
   <datafield ind2=" " ind1=" " tag="720">
      <subfield code="a">Barbancho-Pérez, Isabel</subfield>
      <subfield code="e">author</subfield>
   </datafield>
   <datafield ind2=" " ind1=" " tag="260">
      <subfield code="c">2023</subfield>
   </datafield>
   <datafield ind2=" " ind1=" " tag="520">
      <subfield code="a">In this paper, a system to build music in an intuitive and accessible way, with Lego bricks, is presented. The system makes use of the new powerful and cheap possibilities that technology ofers for making old things in a new way. The Raspberry Pi is used to control the system and run the necessary algorithms, customized Lego bricks are used for building melodies, custom electronic designs, software pieces and 3D printed parts complete the items employed. The system designed is modular, it allows creating melodies with chords and percussion or just melodies or perform as a beatbox or a melody box. The main interaction with the system is made using Lego-type building blocks. Tests have demonstrated its versatility and ease of use, as well as its usefulness in music learning for both children and adults.</subfield>
   </datafield>
   <datafield ind1="8" ind2=" " tag="024">
      <subfield code="a">Barbancho, A.M., Tardón, L.J. &amp; Barbancho, I. Building music with Lego bricks and Raspberry Pi. Multimed Tools Appl (2023). https://doi.org/10.1007/s11042-023-15902-z</subfield>
   </datafield>
   <datafield ind1="8" ind2=" " tag="024">
      <subfield code="a">https://hdl.handle.net/10630/27108</subfield>
   </datafield>
   <datafield tag="653" ind2=" " ind1=" ">
      <subfield code="a">Composición (Música)</subfield>
   </datafield>
   <datafield ind2="0" ind1="0" tag="245">
      <subfield code="a">Building music with lego bricks and Raspberry Pi</subfield>
   </datafield>
</record>
</metadata></record></GetRecord></OAI-PMH>